<?xml version="1.0" encoding="UTF-8"?>
<record
    xmlns:xsi="http://www.w3.org/2001/XMLSchema-instance"
    xsi:schemaLocation="http://www.loc.gov/MARC21/slim http://www.loc.gov/standards/marcxml/schema/MARC21slim.xsd"
    xmlns="http://www.loc.gov/MARC21/slim">

  <leader>00526nam a22001817a 4500</leader>
  <controlfield tag="005">20230603120123.0</controlfield>
  <controlfield tag="008">230120b        |||||||| |||| 00| 0 eng d</controlfield>
  <datafield tag="020" ind1=" " ind2=" ">
    <subfield code="a">9789354655685</subfield>
  </datafield>
  <datafield tag="041" ind1=" " ind2=" ">
    <subfield code="a">ENG.</subfield>
  </datafield>
  <datafield tag="082" ind1=" " ind2=" ">
    <subfield code="a">610.7343</subfield>
    <subfield code="b">VEER</subfield>
  </datafield>
  <datafield tag="100" ind1=" " ind2=" ">
    <subfield code="a">VEERABHADRAPPA GM</subfield>
    <subfield code="9">106523</subfield>
  </datafield>
  <datafield tag="245" ind1=" " ind2=" ">
    <subfield code="a">THE SHORT TEXTBOOK OF COMMUNITY HEALTH NURSING   VOLUME 1 AND VOLUME 2</subfield>
  </datafield>
  <datafield tag="260" ind1=" " ind2=" ">
    <subfield code="a">2ND </subfield>
    <subfield code="b">JAYPEE BROTHERS MEDICAL PUBLISHERS</subfield>
    <subfield code="c">2022</subfield>
  </datafield>
  <datafield tag="300" ind1=" " ind2=" ">
    <subfield code="a">426 P.</subfield>
  </datafield>
  <datafield tag="365" ind1=" " ind2=" ">
    <subfield code="a">RS</subfield>
    <subfield code="b">436</subfield>
  </datafield>
  <datafield tag="650" ind1=" " ind2=" ">
    <subfield code="a">COMMUNITY HEALTH NURSING</subfield>
    <subfield code="9">106524</subfield>
  </datafield>
  <datafield tag="942" ind1=" " ind2=" ">
    <subfield code="c">BK</subfield>
  </datafield>
  <datafield tag="999" ind1=" " ind2=" ">
    <subfield code="c">84102</subfield>
    <subfield code="d">84102</subfield>
  </datafield>
  <datafield tag="952" ind1=" " ind2=" ">
    <subfield code="0">0</subfield>
    <subfield code="1">0</subfield>
    <subfield code="2">ddc</subfield>
    <subfield code="4">0</subfield>
    <subfield code="7">0</subfield>
    <subfield code="a">SNCN</subfield>
    <subfield code="b">SNCN</subfield>
    <subfield code="d">2022-12-06</subfield>
    <subfield code="g">436.00</subfield>
    <subfield code="l">1</subfield>
    <subfield code="o">610.7343 VEER</subfield>
    <subfield code="p">SNCN-BK-3063</subfield>
    <subfield code="r">2024-03-13 00:00:00</subfield>
    <subfield code="s">2023-09-27</subfield>
    <subfield code="w">2023-01-20</subfield>
    <subfield code="y">BK</subfield>
    <subfield code="z">3063</subfield>
  </datafield>
  <datafield tag="952" ind1=" " ind2=" ">
    <subfield code="0">0</subfield>
    <subfield code="1">0</subfield>
    <subfield code="2">ddc</subfield>
    <subfield code="4">0</subfield>
    <subfield code="7">0</subfield>
    <subfield code="a">SNCN</subfield>
    <subfield code="b">SNCN</subfield>
    <subfield code="d">2022-12-06</subfield>
    <subfield code="g">436.00</subfield>
    <subfield code="l">6</subfield>
    <subfield code="o">610.7343 VEER</subfield>
    <subfield code="p">SNCN-BK-3064</subfield>
    <subfield code="r">2024-10-15 00:00:00</subfield>
    <subfield code="s">2024-09-25</subfield>
    <subfield code="w">2023-01-20</subfield>
    <subfield code="y">BK</subfield>
    <subfield code="z">3064</subfield>
  </datafield>
  <datafield tag="952" ind1=" " ind2=" ">
    <subfield code="0">0</subfield>
    <subfield code="1">0</subfield>
    <subfield code="2">ddc</subfield>
    <subfield code="4">0</subfield>
    <subfield code="7">0</subfield>
    <subfield code="a">SNCN</subfield>
    <subfield code="b">SNCN</subfield>
    <subfield code="d">2022-12-06</subfield>
    <subfield code="g">436.00</subfield>
    <subfield code="l">21</subfield>
    <subfield code="m">2</subfield>
    <subfield code="o">610.7343 VEER</subfield>
    <subfield code="p">SNCN-BK-3065</subfield>
    <subfield code="r">2026-02-27 13:10:55</subfield>
    <subfield code="s">2026-02-18</subfield>
    <subfield code="w">2023-01-20</subfield>
    <subfield code="y">BK</subfield>
    <subfield code="z">3065</subfield>
  </datafield>
  <datafield tag="952" ind1=" " ind2=" ">
    <subfield code="0">0</subfield>
    <subfield code="1">0</subfield>
    <subfield code="2">ddc</subfield>
    <subfield code="4">0</subfield>
    <subfield code="7">0</subfield>
    <subfield code="a">SNCN</subfield>
    <subfield code="b">SNCN</subfield>
    <subfield code="d">2022-12-06</subfield>
    <subfield code="g">436.00</subfield>
    <subfield code="l">7</subfield>
    <subfield code="o">610.7343 VEER</subfield>
    <subfield code="p">SNCN-BK-3066</subfield>
    <subfield code="r">2024-02-03 00:00:00</subfield>
    <subfield code="s">2024-01-25</subfield>
    <subfield code="w">2023-01-20</subfield>
    <subfield code="y">BK</subfield>
    <subfield code="z">3066</subfield>
  </datafield>
  <datafield tag="952" ind1=" " ind2=" ">
    <subfield code="0">0</subfield>
    <subfield code="1">0</subfield>
    <subfield code="2">ddc</subfield>
    <subfield code="4">0</subfield>
    <subfield code="7">0</subfield>
    <subfield code="a">SNCN</subfield>
    <subfield code="b">SNCN</subfield>
    <subfield code="d">2022-06-12</subfield>
    <subfield code="g">436.00</subfield>
    <subfield code="l">4</subfield>
    <subfield code="o">610.7343 VEER</subfield>
    <subfield code="p">SNCN-BK-3067</subfield>
    <subfield code="r">2023-09-22 00:00:00</subfield>
    <subfield code="s">2023-09-20</subfield>
    <subfield code="w">2023-01-20</subfield>
    <subfield code="y">BK</subfield>
    <subfield code="z">3067</subfield>
  </datafield>
  <datafield tag="952" ind1=" " ind2=" ">
    <subfield code="0">0</subfield>
    <subfield code="1">0</subfield>
    <subfield code="2">ddc</subfield>
    <subfield code="4">0</subfield>
    <subfield code="7">0</subfield>
    <subfield code="a">SNCN</subfield>
    <subfield code="b">SNCN</subfield>
    <subfield code="d">2022-06-12</subfield>
    <subfield code="g">436.00</subfield>
    <subfield code="l">18</subfield>
    <subfield code="m">2</subfield>
    <subfield code="o">610.7343 VEER</subfield>
    <subfield code="p">SNCN-BK-3068</subfield>
    <subfield code="r">2025-08-01 00:00:00</subfield>
    <subfield code="s">2025-07-02</subfield>
    <subfield code="w">2023-01-20</subfield>
    <subfield code="y">BK</subfield>
    <subfield code="z">3068</subfield>
  </datafield>
</record>
